Анализ напряжений в соединениях буровых штанг при вращательно-ударном бурении; Вопросы горного дела; Ч. 1

Chi tiết về thư mục
Parent link:Вопросы горного дела
Ч. 1.— 1970.— С. 166-173
Tác giả chính: Саруев Л. А. Лев Алексеевич
Tác giả khác: Кашкаров Г. М., Горбунов В. Ф. Валерий Федорович
Tóm tắt:В фонде НТБ ТПУ отсутствует
Ngôn ngữ:Tiếng Nga
Được phát hành: 1970
Những chủ đề:
Định dạng: Chương của sách
KOHA link:https://koha.lib.tpu.ru/cgi-bin/koha/opac-detail.pl?biblionumber=594840

MARC

LEADER 00000naa0a2200000 4500
001 594840
005 20250217112142.0
035 |a (RuTPU)RU\TPU\tpu\11883 
035 |a RU\TPU\tpu\11881 
090 |a 594840 
100 |a 20040318d1970 k||y0rusy50 ca 
101 0 |a rus 
102 |a RU 
200 1 |a Анализ напряжений в соединениях буровых штанг при вращательно-ударном бурении  |f Л. А. Саруев, Г. М. Кашкаров, В. Ф. Горбунов 
333 |a В фонде НТБ ТПУ отсутствует 
461 |t Вопросы горного дела 
463 |t Ч. 1  |v С. 166-173  |d 1970 
610 1 |a напряжения 
610 1 |a буровые штанги 
610 1 |a соединения 
610 1 |a вращательно-ударное бурение 
610 1 |a труды учёных ТПУ 
700 1 |a Саруев  |b Л. А.  |c горный инженер  |c профессор Томского политехнического университета, доктор технических наук  |f 1940-  |g Лев Алексеевич  |3 (RuTPU)RU\TPU\pers\19862 
701 1 |a Кашкаров  |b Г. М. 
701 1 |a Горбунов  |b В. Ф.  |c российский ученый, специалист в области горной механики  |c профессор Томского политехнического университета  |f 1926-  |g Валерий Федорович  |3 (RuTPU)RU\TPU\pers\19777 
801 1 |a RU  |b 63413507  |c 20040317  |g PSBO 
801 2 |a RU  |b 63413507  |c 20160607  |g PSBO 
942 |c BK